[Event "MSRCH16"]
[Site "?"]
[Date "2026.04.16"]
[Round "8.22"]
[White "Kriscak, Simon"]
[Black "Slivka, Martin"]
[Result "1/2-1/2"]
[BlackElo "1657"]
[WhiteElo "1773"]
[LiveChessVersion "1.4.8"]

1. e4 {[%clk 1:30:47]} e5 {[%clk 1:30:42]} 2. Nf3 {[%clk 1:31:12]} d6
{[%clk 1:31:02]} 3. d4 {[%clk 1:31:38]} exd4 {[%clk 1:31:28]} 4. Qxd4
{[%clk 1:32:02]} Nc6 {[%clk 1:31:52]} 5. Bb5 {[%clk 1:32:30]} Bd7
{[%clk 1:32:10]} 6. Qd3 {[%clk 1:32:54]} Nf6 {[%clk 1:31:04]} 7. Nc3
{[%clk 1:33:19]} Be7 {[%clk 1:13:52]} 8. O-O {[%clk 1:32:22]} O-O
{[%clk 1:14:01]} 9. Re1 {[%clk 1:26:12]} a6 {[%clk 1:08:06]} 10. Ba4
{[%clk 1:15:56]} Ne5 {[%clk 1:05:13]} 11. Nxe5 {[%clk 1:15:30]} dxe5
{[%clk 1:05:26]} 12. Bb3 {[%clk 1:14:46]} Bc6 {[%clk 1:03:27]} 13. Qg3
{[%clk 1:10:52]} Qd6 {[%clk 0:50:09]} 14. Be3 {[%clk 1:07:52]} Nxe4
{[%clk 0:43:04]} 15. Nxe4 {[%clk 1:07:23]} Bxe4 {[%clk 0:43:29]} 16. Rad1
{[%clk 1:06:37]} Qg6 {[%clk 0:42:25]} 17. Rd7 {[%clk 1:05:47]} Qxg3
{[%clk 0:40:37]} 18. hxg3 {[%clk 1:06:11]} Bd6 {[%clk 0:40:51]} 19. Bc5
{[%clk 1:05:22]} Bxc5 {[%clk 0:36:16]} 20. Rxe4 {[%clk 1:05:06]} 1/2-1/2

[Event "MSRCH16"]
[Site "?"]
[Date "2026.04.16"]
[Round "8.23"]
[White "Foldesi, Marek"]
[Black "Lukianov, Mykhailo"]
[Result "1-0"]
[BlackElo "1652"]
[WhiteElo "1746"]
[LiveChessVersion "1.4.8"]

1. e4 {[%clk 1:30:59]} c5 {[%clk 1:30:34]} 2. Nc3 {[%clk 1:31:22]} e6
{[%clk 1:31:00]} 3. f4 {[%clk 1:31:37]} d5 {[%clk 1:31:25]} 4. exd5
{[%clk 1:31:47]} exd5 {[%clk 1:31:49]} 5. Bb5+ {[%clk 1:32:01]} Bd7
{[%clk 1:32:10]} 6. Bxd7+ {[%clk 1:32:12]} Qxd7 {[%clk 1:32:32]} 7. Nf3
{[%clk 1:32:13]} Nc6 {[%clk 1:32:43]} 8. O-O {[%clk 1:30:22]} Be7
{[%clk 1:33:01]} 9. d3 {[%clk 1:29:57]} Nf6 {[%clk 1:33:15]} 10. Re1
{[%clk 1:29:15]} O-O {[%clk 1:33:04]} 11. Bd2 {[%clk 1:25:57]} Rfe8
{[%clk 1:32:27]} 12. Ne5 {[%clk 1:16:55]} Qc8 {[%clk 1:25:49]} 13. Nxc6
{[%clk 1:16:16]} Qxc6 {[%clk 1:25:58]} 14. Qf3 {[%clk 1:14:17]} Rac8
{[%clk 1:22:07]} 15. Re2 {[%clk 1:03:24]} d4 {[%clk 1:19:43]} 16. Qxc6
{[%clk 1:02:52]} Rxc6 {[%clk 1:19:58]} 17. Ne4 {[%clk 1:02:50]} Re6
{[%clk 1:15:41]} 18. Rae1 {[%clk 1:01:33]} Nxe4 {[%clk 1:15:27]} 19. Rxe4
{[%clk 1:01:49]} Bd6 {[%clk 1:15:42]} 20. Rxe6 {[%clk 1:01:34]} Rxe6
{[%clk 1:15:57]} 21. Rxe6 {[%clk 1:01:56]} fxe6 {[%clk 1:16:10]} 22. Kf2
{[%clk 1:02:20]} Kf7 {[%clk 1:16:30]} 23. Kf3 {[%clk 1:02:16]} Kf6
{[%clk 1:16:41]} 24. Ke4 {[%clk 1:01:50]} b6 {[%clk 1:16:51]} 25. b3
{[%clk 1:00:49]} h6 {[%clk 1:16:57]} 26. g4 {[%clk 0:59:05]} Bc7 {[%clk 1:16:25]}
27. h3 {[%clk 0:56:04]} g5 {[%clk 1:15:49]} 28. fxg5+ {[%clk 0:54:40]} hxg5
{[%clk 1:16:07]} 29. Be1 {[%clk 0:52:49]} Kg6 {[%clk 1:11:14]} 30. Kf3
{[%clk 0:51:38]} Bd8 {[%clk 1:10:47]} 31. Bg3 {[%clk 0:51:32]} a5
{[%clk 1:10:31]} 32. a4 {[%clk 0:51:53]} Kf7 {[%clk 1:10:24]} 33. Ke4
{[%clk 0:51:49]} Kf6 {[%clk 1:10:37]} 34. h4 {[%clk 0:50:54]} Kg6
{[%clk 1:10:37]} 35. h5+ {[%clk 0:50:54]} Kf6 {[%clk 1:10:49]} 36. Be5+
{[%clk 0:49:12]} Kf7 {[%clk 1:11:06]} 37. Kf3 {[%clk 0:43:29]} Kg8
{[%clk 1:11:08]} 38. Ke2 {[%clk 0:43:02]} Kf7 {[%clk 1:11:12]} 39. Kd2
{[%clk 0:42:49]} Kg8 {[%clk 1:11:13]} 40. c3 {[%clk 0:42:54]} dxc3+
{[%clk 1:11:29]} 41. Kxc3 {[%clk 0:43:23]} Kf7 {[%clk 1:11:36]} 42. Kc4
{[%clk 0:43:44]} Kg8 {[%clk 1:11:01]} 43. Kb5 {[%clk 0:44:07]} Kf7
{[%clk 1:08:01]} 44. Kc6 {[%clk 0:44:26]} Kg8 {[%clk 1:07:38]} 45. Kd7
{[%clk 0:44:48]} 1-0

[Event "MSRCH16"]
[Site "?"]
[Date "2026.04.16"]
[Round "8.24"]
[White "Kostov, Rubin"]
[Black "Gondzur, Michal"]
[Result "1/2-1/2"]
[BlackElo "1639"]
[WhiteElo "1702"]
[LiveChessVersion "1.4.8"]

1. c4 {[%clk 1:30:57]} f5 {[%clk 1:30:57]} 2. d4 {[%clk 1:31:23]} Nf6
{[%clk 1:31:22]} 3. Nc3 {[%clk 1:31:42]} d6 {[%clk 1:31:39]} 4. Nf3
{[%clk 1:31:26]} g6 {[%clk 1:31:59]} 5. g3 {[%clk 1:30:14]} Bg7 {[%clk 1:32:26]}
6. Bg2 {[%clk 1:30:23]} O-O {[%clk 1:32:51]} 7. O-O {[%clk 1:30:46]} a5
{[%clk 1:33:15]} 8. Re1 {[%clk 1:27:30]} Na6 {[%clk 1:33:41]} 9. a3
{[%clk 1:17:14]} c5 {[%clk 1:32:54]} 10. d5 {[%clk 1:13:24]} Nc7 {[%clk 1:33:20]}
11. a4 {[%clk 1:13:22]} e5 {[%clk 1:33:40]} 12. dxe6 {[%clk 1:08:22]} h6
{[%clk 1:32:49]} 1/2-1/2

[Event "MSRCH16"]
[Site "?"]
[Date "2026.04.16"]
[Round "8.25"]
[White "Vanco, Simon"]
[Black "Havir, Adam"]
[Result "1-0"]
[BlackElo "1695"]
[WhiteElo "1681"]
[LiveChessVersion "1.4.8"]

1. d4 {[%clk 1:30:51]} d5 {[%clk 1:30:50]} 2. c4 {[%clk 1:31:15]} e6
{[%clk 1:31:17]} 3. Nf3 {[%clk 1:31:37]} Nf6 {[%clk 1:31:15]} 4. g3
{[%clk 1:31:36]} c6 {[%clk 1:31:16]} 5. Bg2 {[%clk 1:31:44]} Nbd7
{[%clk 1:30:54]} 6. O-O {[%clk 1:31:19]} Be7 {[%clk 1:31:01]} 7. Qc2
{[%clk 1:30:47]} O-O {[%clk 1:29:01]} 8. Nbd2 {[%clk 1:29:42]} b6
{[%clk 1:28:45]} 9. e4 {[%clk 1:25:29]} dxe4 {[%clk 1:19:54]} 10. Nxe4
{[%clk 1:25:53]} Bb7 {[%clk 1:19:16]} 11. Nxf6+ {[%clk 1:22:09]} Nxf6
{[%clk 1:08:52]} 12. Rd1 {[%clk 1:21:37]} Qc7 {[%clk 1:07:47]} 13. Bf4
{[%clk 1:21:51]} Bd6 {[%clk 1:06:29]} 14. Bxd6 {[%clk 1:21:02]} Qxd6
{[%clk 1:06:54]} 15. c5 {[%clk 1:21:21]} Qc7 {[%clk 1:05:01]} 16. Rac1
{[%clk 1:07:46]} b5 {[%clk 0:57:51]} 17. Ne5 {[%clk 0:57:02]} Nd7
{[%clk 0:53:52]} 18. f4 {[%clk 0:56:27]} Nxe5 {[%clk 0:51:15]} 19. dxe5
{[%clk 0:56:47]} Rfd8 {[%clk 0:45:27]} 20. Rd6 {[%clk 0:53:30]} Rd7
{[%clk 0:42:24]} 21. Bf3 {[%clk 0:38:15]} Re8 {[%clk 0:40:34]} 22. Qg2
{[%clk 0:32:43]} Rc8 {[%clk 0:40:52]} 23. Rcd1 {[%clk 0:30:03]} Rcd8
{[%clk 0:36:50]} 24. Rxd7 {[%clk 0:19:30]} Rxd7 {[%clk 0:37:09]} 25. Rd6
{[%clk 0:19:51]} Kf8 {[%clk 0:35:55]} 26. Qc2 {[%clk 0:16:46]} g6
{[%clk 0:30:56]} 27. g4 {[%clk 0:11:01]} Kg7 {[%clk 0:27:07]} 28. h4
{[%clk 0:09:27]} Qd8 {[%clk 0:24:35]} 29. Qh2 {[%clk 0:04:45]} h6
{[%clk 0:18:39]} 30. h5 {[%clk 0:02:27]} g5 {[%clk 0:13:41]} 31. Qd2
{[%clk 0:01:51]} Rxd6 {[%clk 0:12:05]} 32. cxd6 {[%clk 0:02:12]} Bc8
{[%clk 0:09:52]} 33. fxg5 {[%clk 0:01:37]} hxg5 {[%clk 0:10:07]} 34. Qd4
{[%clk 0:01:33]} Qd7 {[%clk 0:08:15]} 35. Qc5 {[%clk 0:01:43]} Bb7
{[%clk 0:07:18]} 36. Qxa7 {[%clk 0:01:50]} Bc8 {[%clk 0:03:36]} 37. Qc7
{[%clk 0:02:04]} Qxc7 {[%clk 0:03:58]} 38. dxc7 {[%clk 0:02:29]} c5
{[%clk 0:04:22]} 39. Be2 {[%clk 0:01:46]} b4 {[%clk 0:04:39]} 40. a3
{[%clk 0:02:06]} 1-0

[Event "MSRCH16"]
[Site "?"]
[Date "2026.04.16"]
[Round "8.27"]
[White "Jokai, Bence"]
[Black "Habara, Viliam"]
[Result "1-0"]
[BlackElo "1564"]
[WhiteElo "1788"]
[LiveChessVersion "1.4.8"]

1. e4 {[%clk 1:30:58]} c5 {[%clk 1:30:00]} 2. c3 {[%clk 1:31:19]} g6
{[%clk 1:30:18]} 3. d4 {[%clk 1:31:35]} d5 {[%clk 1:30:00]} 4. exd5
{[%clk 1:31:25]} Qxd5 {[%clk 1:30:24]} 5. Nf3 {[%clk 1:31:39]} Nc6 6. Na3
{[%clk 1:31:44]} a6 {[%clk 1:30:39]} 7. Nc2 {[%clk 1:31:16]} Bg4 {[%clk 1:29:17]}
8. Be2 {[%clk 1:29:56]} Bg7 {[%clk 1:28:15]} 9. Ne3 {[%clk 1:29:56]} Qd7
{[%clk 1:28:11]} 10. d5 {[%clk 1:29:12]} Ne5 {[%clk 1:27:40]} 11. Nxe5
{[%clk 1:29:23]} Bxe2 {[%clk 1:27:25]} 12. Nxd7 {[%clk 1:28:40]} Bxd1
{[%clk 1:27:22]} 13. Nxc5 {[%clk 1:28:57]} b6 {[%clk 1:27:08]} 14. Kxd1
{[%clk 1:25:34]} bxc5 {[%clk 1:27:28]} 15. Kc2 {[%clk 1:21:24]} Nf6
{[%clk 1:26:53]} 16. a3 {[%clk 1:16:22]} O-O {[%clk 1:27:09]} 17. Rb1
{[%clk 1:03:50]} Rab8 {[%clk 1:26:25]} 18. c4 {[%clk 0:53:43]} Rb6
{[%clk 1:23:55]} 19. f3 {[%clk 0:53:43]} e6 {[%clk 1:23:41]} 20. Rd1
{[%clk 0:50:05]} Rd8 {[%clk 1:23:23]} 21. dxe6 {[%clk 0:49:05]} Rxd1
{[%clk 1:23:32]} 22. Kxd1 {[%clk 0:49:25]} Rxe6 {[%clk 1:23:57]} 23. b4
{[%clk 0:43:00]} Bf8 {[%clk 1:23:41]} 24. Rb3 {[%clk 0:37:18]} cxb4
{[%clk 1:23:20]} 25. axb4 {[%clk 0:37:30]} Rb6 {[%clk 1:23:32]} 26. Ba3
{[%clk 0:34:51]} a5 {[%clk 1:23:27]} 27. b5 {[%clk 0:35:02]} Nd7 {[%clk 1:23:11]}
28. Bxf8 {[%clk 0:34:56]} Kxf8 {[%clk 1:23:14]} 29. Ra3 {[%clk 0:35:15]} a4
{[%clk 1:22:38]} 30. Rxa4 {[%clk 0:35:26]} Ne5 {[%clk 1:22:58]} 31. Kc2
{[%clk 0:31:56]} Ke7 {[%clk 1:23:15]} 32. Nd5+ {[%clk 0:32:13]} 1-0